000 01113cab a2200277 4500
001 ABS60118
008 090401t1999 xxu||||| |||| 00| 0 eng d
035 _a(Sirsi) u91296
041 _aeng
100 _aJohnson, A.
245 _aTechnological and business trends increasing commercial property redundancy
260 _c1999
350 _a0
490 _aProperty Forecast
_v2(2) February 1999, 4-5(2)
520 _aAnalyses the ways in which advances in electronic commerce and information technology generally will affect the demand for office space. Argues that an increase in supply and a decrease in demand which could be the result of such developments would drive rents down and put even more pressure on companies in a `negative rent trap`.
650 _aDEMAND
650 _aELECTRONIC COMMERCE
650 _aFUTURE
650 _aMANAGEMENT-BUSINESS MANAGEMENT-INFORMATION MANAGEMENT
650 _aOFFICE BUILDINGS
650 _aOFFICE SPACE
650 _aPROPERTY MARKET
690 _aPROPERTY-COMMERCIAL PROPERTY-COMMERCIAL PROPERTY MARKET
942 _n0
948 _c12/02/1999
999 _c57941
_d57941